| 000 | 00000nam##2200000za#4500 |
| 001 | 9.589954 |
| 003 | CaOODSP |
| 005 | 20210624195908 |
| 007 | cr ||||||||||| |
| 008 | 150406|2004||||xxc|||||o f|0| 0 fre|d |
| 022 | |a1488-5379 |
| 040 | |aCaOODSP|bfre |
| 041 | |aeng |
| 041 | |afre |
| 043 | |an-cn--- |
| 086 | 1 |aFs97-6/2562-PDF |
| 110 | 1 |aCanada. |bMinistère des pêches et des océans. |
| 245 | 10|aComptes rendus du 31ième atelier annuel sur la toxicité aquatique / |h[ressource électronique]|cÉditeurs, L.E. Burridge, K. Haya et A.J. Niimi. |
| 260 | |aOttawa - Ontario : |bPêches et Océans Canada |c2004. |
| 300 | |a158p.|bfigures, références |
| 490 | 1 |aRapport technique canadien des sciences halieutiques et aquatiques|x1488-5379|vN° 2562 |
| 500 | |aLe numéro de catalogue et l'ISSN de l'édition imprimée apparaissent dans la version PDF. |
| 546 | |aPages préliminaires en français et en anglais; Articles en leur langue original. |
| 590 | |a14-06-Supp|b2014-03-21 |
| 720 | 1 |aHaya, K. |
| 720 | 1 |aBurridge, L.E. |
| 720 | 1 |aNiimi, A.J. |
| 776 | 0#|tProceedings of the 31st Annual Aquatic Toxicity Workshop / |w(CaOODSP)9.541340 |
| 791 | |tProceedings of the 31st Annual Aquatic Toxicity Workshop / |eeng|w(CaOODSP)9.589953 |
| 830 | #0|aRapport technique canadien des sciences halieutiques et aquatiques,|x1488-5379|vN° 2562|w(CaOODSP)9.500270 |
| 856 | 40|ahttp://publications.gc.ca|qPDF|s10.24 Mo|uhttps://publications.gc.ca/collections/collection_2014/mpo-dfo/Fs97-6-2562.pdf|yN° 2562 |